000 00973nam a22002657a 4500
005 20170124105926.0
010 _aA-899702
020 _c465.00
_a8172245580
035 _aA-899702
037 _bCen Lib/Ret
040 _aDPL
_bEN
082 _a020.68
_bBRO
100 _aBrophy, Peter
_96344
245 _aQuality management for information and library managers /
_cby Peter Brophy [and] Kate Coulling
260 _aMumbai
_bJaico Publishing House
_c1997
270 _bMumbai
_a121, M. G. Road
_e400023
300 _aix,196p.
_c24cm(Hb)
500 _aIncludes bibliographical references and index
650 _aLibrary administration -- Great Britain
_973057
650 _aTotal quality management -- Great Britain
_973058
650 _aलाइब्रेरी प्रशासन
_973059
650 _aकुल गुणवत्ता प्रबंधन
_96347
700 _aCoulling, Kate
_96348
942 _2ddc
_cEN
_h020.68
_mBRO
999 _c123476
_d123476